The Japanese character

Đã lưu trong:
書目詳細資料
主要作者: Hasegawa, Nyozekan
格式: 圖書
語言:Undetermined
出版: New York American Association for International Conciliation 1965
主題:
標簽: 添加標簽
沒有標簽, 成為第一個標記此記錄!
Thư viện lưu trữ: Trung tâm Học liệu Trường Đại học Cần Thơ
LEADER 00525nam a2200181Ia 4500
001 CTU_115128
008 210402s9999 xx 000 0 und d
082 |a 952 
082 |b H346 
100 |a Hasegawa, Nyozekan 
245 4 |a The Japanese character 
245 0 |c Nyozekan Hasegawa 
260 |a New York 
260 |b American Association for International Conciliation 
260 |c 1965 
650 |a National characteristics, japanese 
904 |i Tuyến 
980 |a Trung tâm Học liệu Trường Đại học Cần Thơ